| 000 | 00550nam a2200181Ia 4500 | ||
|---|---|---|---|
| 008 | 100917s9999 xx 000 0 und d | ||
| 082 | _b63563 | ||
| 100 | _aदेशपांडे पुरूषोत्तम लक्ष्मण (रूंपा) | ||
| 245 | _aअंमलदार | ||
| 260 |
_bश्रीविद्या प्रकाशन _c1983 |
||
| 300 | _a93 | ||
| 365 | _b15 | ||
| 520 | _aनाटक | ||
| 630 | _aअंमलदार | ||
| 650 | _aनाटक | ||
| 730 | _aअंमलदार | ||
| 942 | _cBOOK | ||
| 999 |
_c668957 _d668954 |
||